| 000 | 00993nam a2200205Ia 4500 | ||
|---|---|---|---|
| 003 | OSt | ||
| 005 | 20241030095425.0 | ||
| 007 | ca aa aaaaa | ||
| 008 | 201103s9999 xx 000 0 und d | ||
| 040 | _cSSBUL | ||
| 041 | _abur | ||
| 082 |
_223 _a၂၉၄.၃၄၄၃ _b၉၂၇၀(၁) S-SAT |
||
| 100 | 0 | _aသိရိန္ဒာဘိဝံသ၊ အရှင်(ယောဆရာတော်) | |
| 245 | 1 | 0 |
_aအေးမြရွှင်ပြုံးလူ့နှလုံး(လူ၏စွမ်းအားပတ္တမြား) / _cအရှင်သိရိန္ဒာဘိဝံသသ(ယောဆရာတော်)။ |
| 260 |
_aရန်ကုန် ၊ _bနှင်းဦးလွင်စာပေ၊ _c၂၀၀၂။ |
||
| 300 |
_a၉၄ စာမျက်နှာ ၊ _c၁၆ စင်တီ။ |
||
| 500 | _aS-SAT: Dr. Sai Aung Tun S-SL: U San Lwin | ||
| 650 |
_aဗုဒ္ဓဘာသာ _xတရားတော်။ _913507 |
||
| 942 |
_2ddc _cBK1 |
||
| 999 |
_c16743 _d16743 |
||